Statistiques concernant Culture générale des villes

Cliquez ici pour prendre le quiz!

Statistiques générales

  • Ce quiz a été pris 73 fois
  • Le résultat moyen est 53 sur 90

Statistiques - réponses

QuestionTuileSelect% Correct
Cliquez sur l'agglomeration la plus grande en population.MadridNon
94%
Cliquez sur l'agglomeration la plus grande en population.SydneyNon
94%
Cliquez sur les villes qui sont au bord de la mer Méditerranée.SofiaNon
90%
Cliquez sur l'agglomeration la plus grande en population.BostonNon
89%
Cliquez sur l'agglomeration la plus grande en population.ParisNon
89%
Cliquez sur l'agglomeration la plus grande en population.TorontoNon
89%
Cliquez sur les villes traversées par la Loire.AuxerreNon
87%
Cliquez sur les villes qui ont organisé les Jeux olympiques d'été au moins une fois.BarceloneOui
87%
Cliquez sur l'agglomeration la plus grande en population.BogotaNon
87%
Cliquez sur les villes fondées par les Romains.BerlinNon
86%
Cliquez sur les villes du Brésil.AyacuchoNon
84%
Cliquez sur les villes traversées par la Loire.ToursOui
83%
Cliquez sur les villes du Canada.WinnipegOui
83%
Cliquez sur les villes qui ont organisé les Jeux olympiques d'été au moins une fois.IstanbulNon
81%
Cliquez sur les villes qui se sittuent dans l'hémisphère sud,JakartaOui
81%
Cliquez sur les villes traversées par la Loire.MontargisNon
81%
Cliquez sur les villes traversées par la Loire.NantesOui
81%
Cliquez sur les villes qui ont organisé les Jeux olympiques d'été au moins une fois.AtlantaOui
79%
Cliquez sur les villes du Canada.CalgaryOui
79%
Cliquez sur les villes fondées par les Romains.LyonOui
79%
Cliquez sur les villes Russes.OmskOui
79%
Cliquez sur les villes du Canada.MilwaukeeNon
78%
Cliquez sur les villes du Brésil.Porto AlegreOui
78%
Cliquez sur les villes du Brésil.RecifeOui
78%
Cliquez sur les villes qui se sittuent dans l'hémisphère sud,BogotaNon
76%
Cliquez sur les villes qui sont au bord de la mer Méditerranée.Bou SaadaNon
76%
Cliquez sur les villes Russes.KhabarovskOui
76%
Cliquez sur les villes du Brésil.MendozaNon
76%
Cliquez sur les villes qui ont organisé les Jeux olympiques d'été au moins une fois.VienneNon
76%
Cliquez sur les villes qui sont au bord de la mer Méditerranée.BeyrouthOui
73%
Cliquez sur les villes du Canada.FargoNon
73%
Cliquez sur les villes Russes.IzyumNon
73%
Cliquez sur les villes qui se sittuent dans l'hémisphère sud,LimaOui
73%
Cliquez sur les villes qui sont au bord de la mer Méditerranée.CagliariOui
71%
Cliquez sur les villes Russes.TiraspolNon
71%
Cliquez sur les villes du Brésil.Santa Cruz de la SierraNon
70%
Cliquez sur les villes qui sont au bord de la mer Méditerranée.MalagaOui
68%
Cliquez sur les villes du Brésil.ManausOui
67%
Cliquez sur les villes qui se sittuent dans l'hémisphère sud,YaoundeNon
67%
Cliquez sur les agglomération de plus de 5 millions d'habitants.BarceloneOui
65%
Cliquez sur les villes traversées par la Loire.BourgesNon
65%
Cliquez sur les villes qui ont organisé les Jeux olympiques d'été au moins une fois.Buenos AiresNon
65%
Cliquez sur les villes du Brésil.FortalezaOui
65%
Cliquez sur les agglomération de plus de 5 millions d'habitants.CasablancaNon
63%
Cliquez sur les villes traversées par la Loire.OrleansOui
63%
Cliquez sur les villes qui se sittuent dans l'hémisphère sud,ManillaNon
62%
Cliquez sur les villes du Brésil.BelemOui
59%
Cliquez sur les villes du Canada.Grand RapidsNon
59%
Cliquez sur l'agglomeration la plus grande en population.IstanbulNon
57%
Cliquez sur les agglomération de plus de 5 millions d'habitants.MiamiOui
57%
Cliquez sur les villes qui ont organisé les Jeux olympiques d'été au moins une fois.MontrealOui
57%
Cliquez sur les villes qui se sittuent dans l'hémisphère sud,QuitoOui
57%
Cliquez sur l'agglomeration la plus grande en population.Rio de JaneiroNon
57%
Cliquez sur les villes du Canada.SherbrookeOui
57%
Cliquez sur les villes du Canada.HamiltonOui
52%
Cliquez sur les villes qui ont organisé les Jeux olympiques d'été au moins une fois.MadridNon
52%
Cliquez sur les villes qui se sittuent dans l'hémisphère sud,NairobiOui
52%
Cliquez sur les villes traversées par la Loire.SaumurOui
52%
Cliquez sur les agglomération de plus de 5 millions d'habitants.AlexandrieOui
51%
Cliquez sur les villes Russes.MogilevNon
51%
Cliquez sur les agglomération de plus de 5 millions d'habitants.AtlantaOui
49%
Cliquez sur les villes fondées par les Romains.CologneOui
49%
Cliquez sur les villes qui ont organisé les Jeux olympiques d'été au moins une fois.BrisbaneNon
44%
Cliquez sur les agglomération de plus de 5 millions d'habitants.DakarNon
44%
Cliquez sur les villes Russes.SamaraOui
43%
Cliquez sur les villes qui se sittuent dans l'hémisphère sud,SingapoureNon
43%
Cliquez sur les villes qui sont au bord de la mer Méditerranée.TiranaNon
43%
Cliquez sur les villes fondées par les Romains.BudapestOui
41%
Cliquez sur les villes qui ont organisé les Jeux olympiques d'été au moins une fois.HelsinkiOui
40%
Cliquez sur les villes qui sont au bord de la mer Méditerranée.Le CaireNon
38%
Cliquez sur les villes du Canada.MississaugaOui
38%
Cliquez sur les agglomération de plus de 5 millions d'habitants.RomeNon
37%
Cliquez sur les villes fondées par les Romains.ZagrebNon
37%
Cliquez sur les agglomération de plus de 5 millions d'habitants.BerlinNon
35%
Cliquez sur les villes Russes.PermOui
35%
Cliquez sur les villes du Canada.ReginaOui
35%
Cliquez sur les agglomération de plus de 5 millions d'habitants.MontrealNon
33%
Cliquez sur les villes fondées par les Romains.MarseilleNon
32%
Cliquez sur les villes du Brésil.GoianiaOui
29%
Cliquez sur les villes fondées par les Romains.VienneOui
29%
Cliquez sur les villes qui sont au bord de la mer Méditerranée.ZadarOui
29%
Cliquez sur les villes fondées par les Romains.ZurichOui
29%
Cliquez sur les villes traversées par la Loire.NeversOui
25%
Cliquez sur les villes Russes.SolyanskNon
24%
Cliquez sur les villes traversées par la Loire.AngersNon
22%
Cliquez sur les villes fondées par les Romains.ManchesterOui
19%
Cliquez sur les villes qui sont au bord de la mer Méditerranée.NicosieNon
19%
Cliquez sur les villes qui se sittuent dans l'hémisphère sud,KinshasaNon
17%
Cliquez sur les villes Russes.TogliattiOui
16%
Cliquez sur l'agglomeration la plus grande en population.Buenos AiresOui
10%

Distribution des résultats

Percentile par nombre de réponses

% des personnes avec chaque résultat

Votre développement - résultats

Vous n’avez pas pris ce quiz